000 00997nam a22002537a 4500
008 240605b mp ||||| |||| 00| 0 mon d
020 _a978-99973-1-965-4
035 _a25544
040 _aHE0623081
_bmon
_cMN-UlNLM
_dMN-UlNLM
_erda
041 _amon
042 _a59382
084 _2NNA
_a84(0)-44
_bР.796
100 _aРоулинг Ж.К.
245 0 _aХарри Поттер ба Үхлийн шүтээн
264 _aУБ.
_bМонсудар хэвлэлийн газар
_c2022
300 _a694х.
336 _2rdacontent
_atext
_btxt
337 _2rdamedia
_aunmediated
_bn
338 _2rdacarrier
_avolume
_bnc
490 _aХарри поттер
_v7
650 _aИх Британийн зохиолч Ж.К.Роулингийн бичсэн өсвөр насны шидтэн хүү болох Харри Поттерын тухай өгүүлсэн долоон цуврал, уран зөгнөл...
942 _2NNA
_cBK
999 _c895225
_d895282